01618nam a2200445 i 450000100060000000300080000600500170001400600190003100700150005000800410006502000270010602000180013303500230015103500240017403500250019803500220022304000310024505000230027608000080029908200150030710000260032224500590034826400440040730000410045133600310049233700330052333800430055650000220059950400290062158801240065059001630077465000250093765000260096265000280098865000310101665500270104779700190107485600620109399900170115552114FlNmELB20241216232351.0m o d | cr cnu||||||||180309s2017 sp ob 001 0 spa d a9788478987474 (e-book) z9788478987306 a(MiAaPQ)EBC5190222 a(Au-PeEL)EBL5190222 a(CaPaEBR)ebr11484325 a(OCoLC)1105495937 aFINmELBbspaerdacFINmELB 4aG155.A1bC514 2017 a9100 a910.012231 aCheca Godoy, Antonio.13aEl viaje y los libros de viaje /cAntonio Checa Godoy. 1aSevilla :bEdiciones Alfar S.A.,c2017. a1 recurso en línea (156 páginas) atextobtxt2rdacontent/spa acomputadorabc2rdamedia/spa arecurso en líneabcr2rdacarrier/spa aIncluye índice. aContiene bibliografía. aDescripción basada en recurso en línea; Título de la página del título en PDF (e-libro, visto March 9, 2018). aRecurso electrónico. Santa Fe, Arg. : e-libro, 2018. Disponible vía World Wide Web. El acceso puede ser limitado para las bibliotecas afiliadas a e-Libro. 0aVoyages and travels. 4aViajes y travesías. 0aTravelxSocial aspects. 4aViajesxAspectos sociales. 4aLibros electrónicos.2 ae-libro, Corp.40uhttps://elibro.net/ereader/politecnicointernacional/52773 c52114d52114